01287nam a22002657a 4500003000400000005001700004008004100021040001100062082001400073100002900087245001400116260012900130300002300259490002600282505028100308505011200589505003000701505003000731505005000761505002200811650004500833650004400878650005500922650004400977OSt20230516104316.0230516b |||||||| |||| 00| 0 eng d cLado V 2708aK82f aKontova, Helenaeeditora aFlashArt/ aAustraliaaAustriaaBelgicaaCanadaaFranciaaAlemaniaaGran BretañaaHolandaaItaliaaEspañaaIrlandabGEA POLITIc2002 a104p.c20.5x27.5cm a222vXXXIVx0394-1493 aFlash Art NewstNew York Contemporary Sales Whitney Biennial 2002 Vito Acconci Martin Creed won the Turner Prize Palais de Tokyo Opens in Paris At The Galleries Group Shows Theory Aperto Scotland New Voices in Curating IkNOW wHAT yOU dID Last Summer New York Cut Up aFeaturestAuraportarit Darren Almond Signature as Contet Didier Fiuza Faustino Kiki Seror Pil Collins aGlobal ArtrLina Bertucci aOuverturesrMelik Ohanian aSpotlightstCasino 2001 Form Follows Fiction aFlash Art Reviews 2Tesauro de Arte & ArquitecturaaCATALOGO 2Tesauro de Arte & ArquitecturaaREVISTA 2Tesauro de Arte & ArquitecturaaARTE INTERNACIONAL 2Tesauro de Arte & ArquitecturaaCRITICA